22 huerfanos (Registro nro. 3087)
[ vista simple ]
| 000 -CABECERA | |
|---|---|
| Longitud fija campo de control | 00557nam a2200193 a 4500 |
| 003 - • IDENTIFICADOR DELl NÚMERO DE CONTROL | |
| Identificador del número de control | CO-ViMGA |
| 008 - • CÓDIGOS DE INFORMACIÓN DE LONGITUD FIJA | |
| Códigos de información de longitud fija | 141112s2004 ck r 000 u spa d |
| 020 ## - • NÚMERO INTERNACIONAL NORMALIZADO PARA LIBROS | |
| Número Internacional Normalizado para Libros (ISBN) | 9681662911 |
| 040 ## - FUENTE DE LA CATALOGACIÓN | |
| Centro catalogador de origen | CO-ViMGA |
| Lengua de catalogación | spa |
| Centro transcriptor | CO-ViMGA |
| 082 04 - • NÚMERO DE LA CLASIFICACIÓN DECIMAL DEWEY | |
| Número de clasificación (R) | VELv |
| 100 1# - • PUNTO DE ACCESO PRINCIPAL-NOMBRE DE PERSONA | |
| Nombre de persona | VELDKAMP, Tjibbe; Hopman, Philip |
| 245 10 - • TITULO PROPIAMENTE DICHO | |
| Título | 22 huerfanos |
| 490 ## - • MENCIÓN DE SERIE | |
| Mención de serie | A la orilla del viento; 24 |
| 590 ## - NOTAS LOCALES | |
| Nota local | Forma de adquisición : Premio Mincultura |
| 650 14 - • PUNTO DE ACCESO ADICIONAL DE MATERIA - TÉRMINO DE MATERIA | |
| Término de materia o nombre geográfico como elemento inicial | CUENTOS INFANTILES HOLANDESES |
| 942 ## - ENTRADA DE ELEMENTOS AGREGADOS (KOHA) | |
| Fuente de clasificaión o esquema | Dewey Decimal Classification |
| Koha [por defecto] tipo de item | LIbro |
| Perdido | Fuente de clasificación o esquema | Estado Físico | No para préstamo | Forma de adquisición | Localización permanente | Localización actual | Localización en estanterías | Fecha adquisición | Préstamos totales | Signatura completa | Código de barras | Fecha última consulta | Número de copia | Fecha del precio de reemplazo | Tipo de item de Koha | Serie de enumeración / cronolog&íacute;a | Renovaciones totales | Fecha último préstamo |
|---|---|---|---|---|---|---|---|---|---|---|---|---|---|---|---|---|---|---|
| Dewey Decimal Classification | Damaged | Sala Infantil Segundo Piso | Biblioteca Pública Germán Arciniegas - Villavicencio | Biblioteca Pública Germán Arciniegas - Villavicencio | 12/04/2015 | 1 | VELv | 19139 | 08/23/2017 | Ej. 1 | 12/04/2015 | LIbro | Volumen. 1 | 11/jun/2009 | 2 | 07/24/2017 | |||
| Dewey Decimal Classification | Infantil | Biblioteca Pública Guamal | Biblioteca Pública Guamal | Sala Infantil | 02/16/2023 | C VEL4 | GUA001394 | 02/16/2023 | Ej.1 | 02/16/2023 | Libro Infantil | |||||||
| Dewey Decimal Classification | Infantil | Biblioteca Pública Mapiripan | Biblioteca Pública Mapiripan | Sala Infantil | 01/22/2024 | C VEL4 | MAP00003160 | 01/22/2024 | Ej.1 | 01/22/2024 | LIbro | |||||||
| Dewey Decimal Classification | Infantil | Biblioteca Pública Medellin del Ariari - El Castillo | Biblioteca Pública Medellin del Ariari - El Castillo | Sala Infantil | 03/30/2023 | CVEL4EJ.1 | MDA000031 | 03/30/2023 | Ej.1 | 03/30/2023 | Libro Literatura | |||||||
| Dewey Decimal Classification | Infantil | Biblioteca Pública San Juan de Arama - Concepción de Arama | Biblioteca Pública San Juan de Arama - Concepción de Arama | Sala Infantil | 02/25/2026 | C VEL | SJA01647 | 02/25/2026 | Ej.1 | 02/25/2026 | Literatura Infantil |